• 首页
  • 本馆介绍
  • 公告通知
  • 最新文献
  • 馆藏检索
  • 电子资源
  • 读者导购
  • 参考咨询
  • 我的图书馆
  • 登录
  • 详细信息显示
  • 放入我的书架
  • 预约/预借图书
  • 作者相关作品
  • 分类相关作品
  • 丛书相关作品
  • 出版社相关作品

书目信息

  • 表格格式
  • 工作单格式
  • 卡片格式
题名:
近代半导体材料的表面科学基础
    
 
作者: 许振嘉 编著
分册:  
出版信息:   北京大学出版社  2002
页数: 770页
开本: 20cm
丛书名: 北京大学物理学丛书
单 册:
中图分类: TN305.2
科图分类:
主题词: 半导体技术
电子资源:
ISBN: 7-301-05514-5
000 00637nam0 2200205 450
001 0735592734
005 20070906095312.73
010    @a7-301-05514-5@d¥46.00
100    @a20070906d km y0chiy0120 ea
101 0  @achi
200 1  @a近代半导体材料的表面科学基础@Ajin dai ban dao ti cai liao de biao mian ke xue ji chu@f许振嘉编著@Fxu zhen jia bian zhu
210    @c北京大学出版社@d2002
215    @a770页@d20cm
225 2  @a北京大学物理学丛书
410  0 @12001 @a北京大学物理学丛书
606 0  @a半导体技术
690    @aTN305.2@v3
701  0 @a许振嘉@Axu zhen jia@4编著
801  0 @aCN@bPFT@c20070906
905    @a213230@dTN305.2@eP2@f1
    
    近代半导体材料的表面科学基础/许振嘉编著.-北京大学出版社,2002
    770页;20cm.-(北京大学物理学丛书)
    
    
    ISBN 7-301-05514-5:¥46.00
    
●
相关链接 在E读中查询图书 在五车中查询图书 在当当中查询图书 在豆瓣中查询图书


正题名:近代半导体材料的表面科学基础     索取号:TN305.2/P2         预约/预借

序号 登录号 条形码 馆藏地/架位号 状态 备注
1 7201205   272012056   密集书库-物理学院/ [索取号:TN305.2/P2] 在馆    
唐山师范学院图书馆 欢迎您!
大连网信软件有限公司© 版权所有